Naiskarmyasiddhi of Sri Suresvaracarya/ (Record no. 206787)

MARC details
000 -LEADER
fixed length control field 00565nam a22001817a 4500
005 - DATE AND TIME OF LATEST TRANSACTION
control field 20241122124209.0
010 ## - LCCN (DPL NO)
LC control number ENG-142467
020 ## - INTERNATIONAL STANDARD BOOK NUMBER
Terms of availability 210.00
International Standard Book Number 9788175054943
035 ## - SYSTEM CONTROL NUMBER
System control number EN-125999
037 ## - SOURCE OF ACQUISITION
Source of stock number/acquisition DBAD/PUB
082 ## - DEWEY DECIMAL CLASSIFICATION NUMBER
Classification number 2302
245 ## - TITLE STATEMENT
Title Naiskarmyasiddhi of Sri Suresvaracarya/
Statement of responsibility, etc Translated by S.S Raghavachar
250 ## - EDITION STATEMENT
Edition statement 1
260 ## - PUBLICATION, DISTRIBUTION, ETC. (IMPRINT)
Place of publication, distribution, etc Uttarakhand
Name of publisher, distributor, etc Swami Shuddhidananda
Date of publication, distribution, etc 2019
270 ## - ADDRESS
City Uttarakhand
Electronic mail address mail@advaitaashrama.org
Address Adhyaksha, Advaita Ashrama, Mayavati
300 ## - PHYSICAL DESCRIPTION
Extent 288p.
Dimensions 22cm(pbk)
942 ## - ADDED ENTRY ELEMENTS (KOHA)
Source of classification or shelving scheme Dewey Decimal Classification
Item type English Books
Classification part 2302
Call number suffix NAI
Holdings
Withdrawn status Lost status Not for loan Collection code Home library Current library Date acquired Source of acquisition Cost, normal purchase price Full call number Barcode Copy number Cost, replacement price Koha item type
      Non-fiction Bawana Bawana 28/10/2024 DBAD 210.00 2302 NAI EN-125999 1 210.00 English Books

© Delhi Public Library
Hit Counter
free hit counter